skbl

Dr Suryya Kumar Bhuyan Library Web-OPAC
ডঃ সূৰ্য্য
কুমাৰ ভূঞা পুথিভঁৰাল ৱেব-অ'পেক

All Research Scholars are advised to clear the annual library fees to continue using Library Resources, Remote Access, Plagiarism Test and Library Clearance.

Cotton University Book Fair 2026

Computability Theory (Record no. 59569)

MARC details
000 -LEADER
fixed length control field 00503nam a2200193Ia 4500
001 - CONTROL NUMBER
control field 59693
008 - FIXED-LENGTH DATA ELEMENTS--GENERAL INFORMATION
fixed length control field 160423n ii |||gr||||Z||||||465
020 ## - INTERNATIONAL STANDARD BOOK NUMBER
International Standard Book Number 978-1-4704-2594-4
082 ## - DEWEY DECIMAL CLASSIFICATION NUMBER
Classification number 515.353
100 ## - MAIN ENTRY--PERSONAL NAME
Personal name Weber, Rebecca.
245 #0 - TITLE STATEMENT
Title Computability Theory
Statement of responsibility, etc. By Rebecca Weber
Medium Textual Documents
250 ## - EDITION STATEMENT
Edition statement First---2016.
260 ## - PUBLICATION, DISTRIBUTION, ETC.
Place of publication, distribution, etc. Rhode Island:
Name of publisher, distributor, etc. AMS.
300 ## - PHYSICAL DESCRIPTION
Extent 203pg:
Dimensions 23cm.
653 ## - INDEX TERM--UNCONTROLLED
Uncontrolled term Mathematics
653 ## - INDEX TERM--UNCONTROLLED
Uncontrolled term Computability Theory
653 ## - INDEX TERM--UNCONTROLLED
Uncontrolled term G-Mathematics
942 ## - ADDED ENTRY ELEMENTS (KOHA)
Source of classification or shelving scheme Dewey Decimal Classification
Koha item type Books
Holdings
Withdrawn status Lost status Damaged status Not for loan Collection Home library Current library Shelving location Date acquired Coded location qualifier Total checkouts Full call number Barcode Date last seen Copy number Price effective from Koha item type
          Dr. Suryya Kumar Bhuyan Library Dr. Suryya Kumar Bhuyan Library   23/04/2016 00000   515.353 We 38 Co 3099/gift 14/01/2024 1 23/04/2016 Books

Designed and Maintained by Team SKBL
©1901-2026

Powered by Koha